| 000 | 00392nam a22001217a 4500 | ||
|---|---|---|---|
| 999 |
_c10082 _d10082 |
||
| 003 | OSt | ||
| 008 | 201218b ||||| |||| 00| 0 eng d | ||
| 245 | _aJournal of Information and Optimization Sciences | ||
| 250 | _a2017(Jan Vol.38 No.1, Mar Vol.38 No.2, Apr-May Vol.38 No.3-4, Jul Vol.38 No.5) | ||
| 260 |
_aNew Delhi _bTaru Publications |
||
| 650 | _aInformation Technology | ||
| 942 |
_2ddc _cBV |
||